| 000 | 00833cab a2200229 4500 | ||
|---|---|---|---|
| 001 | WB3101-20 | ||
| 008 | 090401t1995 xxu||||| |||| 00| 0 eng d | ||
| 035 | _a(Sirsi) u61428 | ||
| 041 | _aeng | ||
| 245 | _aWhitehall spurns bypass ruling | ||
| 260 | _c1995 | ||
| 350 | _a0 | ||
| 490 |
_aDaily Telegraph _v3 January 1995, 18(1) |
||
| 520 | _aThe Government is to ignore a CA landmark decision ordering the DTp to purchase a home blighted by the Circenester bypass scheme at its pre-blight value for fear of a rush of similar claims. (See also WB3026-13 and WB3044-17). | ||
| 650 | _aBLIGHT | ||
| 650 | _aCOLONEL OWEN | ||
| 650 | _aCOMPENSATION | ||
| 650 | _aROAD SCHEMES | ||
| 690 | _aENVIRONMENTAL AND LAND CONSULTANCY-PLANNING AND DEVELOPMENT-COMPULSORY PURCHASE AND COMPENSATION | ||
| 942 | _n0 | ||
| 948 | _c04/03/1997 | ||
| 999 |
_c38053 _d38053 |
||